The lands of silence: A history of Arctic and Antarctic exploration by Sir Clements R. Markham, K.C.B., F.R.S
Wedi'i Gadw mewn:
| Prif Awdur: | |
|---|---|
| Fformat: | Llyfr |
| Iaith: | Saesneg |
| Cyhoeddwyd: |
Cambridge
University Press
1921
|
| Rhifyn: | 1a. ed |
| Pynciau: | |
| Tagiau: |
Ychwanegu Tag
Dim Tagiau, Byddwch y cyntaf i dagio'r cofnod hwn!
|
MARC
| LEADER | 00000nam a2200000 a 4500 | ||
|---|---|---|---|
| 001 | UCJ5460 | ||
| 003 | CL-VaPUC | ||
| 005 | 20250304110151.0 | ||
| 008 | 070124e19210000uk |||||||||||||||||eng|d | ||
| 999 | |c 321569 |d 321567 | ||
| 040 | |c Pontificia Universidad Católica de Valparaíso | ||
| 082 | 0 | 4 | |a 910.4 |b MAR |2 21 |
| 100 | 1 | |a Markham, Clements Robert |e author |9 880963 | |
| 245 | 1 | 4 | |a The lands of silence: A history of Arctic and Antarctic exploration by Sir Clements R. Markham, K.C.B., F.R.S |
| 250 | |a 1a. ed | ||
| 260 | |a Cambridge |b University Press |c 1921 | ||
| 300 | |a xii, 537 p | ||
| 500 | |a Front., retrato del autor; iconografía, mapas e ilustraciones conforme a lo señalado en el índice | ||
| 583 | |a last modification |c 20171220 06:29:28 |k Rodrigo Vera | ||
| 600 | 0 | 7 | |a BARENTS, WILLIAM |2 CL-VaPUC |9 505561 |
| 600 | 0 | 7 | |a FROBISHER, MARTIN |2 CL-VaPUC |9 510658 |
| 600 | 0 | 7 | |a BUTTON, THOMAS |2 CL-VaPUC |9 505823 |
| 600 | 0 | 7 | |a JAMES, THOMAS |2 CL-VaPUC |9 510659 |
| 600 | 0 | |a Mackenzie, Alexander, |d 1764-1820 |9 510660 | |
| 600 | 0 | 7 | |a FRANKLIN, JOHN |2 CL-VaPUC |9 510661 |
| 600 | 0 | 7 | |a Payer, Julius |d 1841-1915 |9 880964 |
| 600 | 0 | |a Nares, George S., |d 1831-1915 |9 509276 | |
| 600 | 0 | 7 | |a ALDRICH, P |2 CL-VaPUC |9 510664 |
| 600 | 0 | 7 | |a BEAUMONT, L. A |2 CL-VaPUC |9 510665 |
| 600 | 0 | 7 | |a RAWSON, WYATT |2 CL-VaPUC |9 510666 |
| 600 | 0 | |a Nordenskiöld, A. E. |q (Adolf Erik), |d 1832-1901 |9 510667 | |
| 650 | 0 | |a Viajes |9 257115 | |
| 650 | 0 | |a Descubrimientos geográficos |9 331933 | |
| 650 | 0 | |a Expediciones científicas |9 265222 | |
| 650 | 0 | |a Historia |9 255047 | |
| 650 | 0 | |a Mapas |9 260844 | |
| 650 | 0 | |a Iconografía |9 267998 | |
| 650 | 7 | |a FAUNA |2 CL-VaPUC |9 349523 | |
| 651 | 7 | |a REGION ARTICA |2 CL-VaPUC |9 366377 | |
| 651 | 0 | |a Antártica (Antártida) |9 324088 | |
| 942 | |c BK |2 ddc | ||
| 945 | |d 20070124 00:00:00 |a rinostro | ||
| 952 | |0 0 |1 0 |4 0 |6 910_400000000000000_MAR_1921 |7 0 |8 X |9 400345 |a FDOBUD |b FDOBUD |d 2019-11-22 |i 1035029 |o 910.4 MAR 1921 |p 1035029 |r 2019-11-22 |w 2019-11-22 |y BK_X |k BUD | ||